<?xml version="1.0" encoding="UTF-8"?>
<marc:record xmlns:marc="http://www.loc.gov/MARC21/slim">
   <marc:leader>00000nam a2200000 a 4500</marc:leader>
   <marc:datafield ind1=" " ind2=" " tag="653">
      <marc:subfield code="a">Autos</marc:subfield>
   </marc:datafield>
   <marc:datafield ind1="0" ind2="0" tag="245">
      <marc:subfield code="a">Fast &amp; Furious 6 [Bildtonträger]</marc:subfield>
   </marc:datafield>
   <marc:datafield ind1=" " ind2="1" tag="264">
      <marc:subfield code="b">Universal Studios</marc:subfield>
      <marc:subfield code="c">2013</marc:subfield>
   </marc:datafield>
   <marc:datafield ind1="1" ind2=" " tag="520">
      <marc:subfield code="a">Nachdem Dominic Toretto und Brian O'Connor in Rio de Janeiro nur Schutt und Asche hinterließen, sind die beiden auf der Flucht. Doch sie hassen es, nie wieder nach Hause zurückkehren zu können. Währenddessen versucht FBI-Agent Luke Hobbs eine Bande gefährlicher und geldgieriger Fahrer aufzustöbern, deren Boss Hilfe von seiner rechten Hand bekommt, die keine andere ist als Doms totgeglaubte Geliebte Letty. Die einzige Möglichkeit die kriminelle Organisation zu besiegen, ist gegen sie anzutreten. Deshalb bittet Hobbs Dom und Brian um Hilfe. Im Gegenzug werden ihnen alle Straftaten abgesprochen, was bedeuten würde, dass die beiden wieder nach Hause zurückkehren könnten.</marc:subfield>
   </marc:datafield>
   <marc:datafield ind1="3" ind2=" " tag="024">
      <marc:subfield code="a">5050582931419</marc:subfield>
   </marc:datafield>
</marc:record>
